| 000 | 00470nam a22001697a 4500 | ||
|---|---|---|---|
| 008 | 230321b |||||||| |||| 00| 0 eng d | ||
| 040 |
_aNational Science Library _cNational Science Library |
||
| 080 |
_a681.14 _bK2 |
||
| 100 | 1 | _94014 | |
| 245 | _aComputer evolution | ||
| 260 |
_aNew York: _bDoubleday & Company Inc, _c1962 |
||
| 300 | _axi, 249p. | ||
| 650 | _aComputer | ||
| 653 | _aDiscussing computer | ||
| 700 | _aBerkeley, Edmund C (Ed.) | ||
| 942 |
_2udc _cBK |
||
| 999 |
_c11665 _d11665 |
||